Вып. 33; Нефтепереработка и нефтехимия

التفاصيل البيبلوغرافية
Parent link:Нефтепереработка и нефтехимия: республиканский межведомственный сборник/ Академия наук Украинской ССР (АН УССР). Вып. 33.— , 1965-1991
مؤلفون آخرون: Скляр В. Т. (редактор)
اللغة:الروسية
منشور في: 1987
الموضوعات:
التنسيق: كتاب
KOHA link:https://koha.lib.tpu.ru/cgi-bin/koha/opac-detail.pl?biblionumber=271943

MARC

LEADER 00000nam2a2200000 4500
001 271943
005 20231101234502.0
035 |a (RuTPU)RU\TPU\book\295147 
035 |a RU\TPU\book\293770 
090 |a 271943 
100 |a 20141014d1987 k y0rusy5003 ca 
101 0 |a rus 
102 |a UA 
105 |a a z 001zy 
200 0 |a Вып. 33  |f отв. ред. В. Т. Скляр 
210 |d 1987 
215 |a 68 с.  |c граф. 
320 |a Библиогр. в конце статей 
461 1 |0 (RuTPU)RU\TPU\book\149550  |t Нефтепереработка и нефтехимия  |o республиканский межведомственный сборник  |f Академия наук Украинской ССР (АН УССР)  |v Вып. 33  |d 1965-1991 
606 1 |a Нефтепереработка  |2 stltpush  |3 (RuTPU)RU\TPU\subj\72833  |9 86220 
606 1 |a Нефть  |x Химия  |2 stltpush  |3 (RuTPU)RU\TPU\subj\33709 
606 1 |a Нефтехимические производства  |x Внедрение передовой технологии и техники  |x Прогнозирование  |x Экономическая эффективность  |2 stltpush  |3 (RuTPU)RU\TPU\subj\34124  |9 56161 
610 1 |a поверхностно-активные вещества 
610 1 |a нефтехимические продукты 
610 1 |a синтез 
610 1 |a применение 
610 1 |a математическое моделирование 
610 1 |a коррозия 
610 1 |a ингибиторы 
610 1 |a присадки 
610 1 |a качество 
675 |a 665.63  |v 3 
675 |a 665.65  |v 3 
702 1 |a Скляр  |b В. Т.  |4 340 
801 1 |a RU  |b 63413507  |c 20090819 
801 2 |a RU  |b 63413507  |c 20160530  |g RCR 
942 |c BK